000 01591 a2200325 4500
003 OSt
005 20180116192353.0
008 120601t xxu||||| |||| 00| 0 eng d
010 _a 2010282808
020 _a9780714847825
020 _a0714847828
035 _a(OCoLC)ocn148703571
040 _c0
082 0 4 _a700.105
245 0 0 _aArt and electronic media /
_cedited by Edward A. Shanken.
260 _aLondon ;
_aNew York :
_bPhaidon Press,
_c2009.
300 _a304 p. :
_bill. (chiefly col.), music ;
_c30 cm.
490 0 _aThemes and movements
505 0 _aSurvey / Edward A. Shanken -- pt. 1. Works. -- Motion, duration, illumination -- Coded form and electronic production -- Charged environments -- Networks, surveillance, culture jamming -- Bodies, surrogates, emergent systems -- Simulations and simulacra -- Exhibitions, institutions, communities, collaborations -- pt. 2. Documents. -- Motion, duration, illumination -- Coded form and electronic production -- Charged environments -- Networks, surveillance, culture jamming -- Bodies, surrogates, emergent systems -- Simulations and simulacra -- Exhibitions, institutions, communities, collaborations.
650 1 0 _aDigital art.
_93653
650 1 0 _aArt and technology.
_93654
650 1 0 _aDigital media.
_93655
650 1 0 _aKunst
_93656
650 1 0 _aElektronische Medien
_93657
650 1 0 _aMedienkunst
_93658
650 1 0 _aNetzkunst
_93659
700 1 _aShanken, Edward A.,
_d1964-
_93660
942 _aSADA
_cBK
_k700.105 ART 2009
_2ddc
999 _c353004
_d353004